| 000 | 00722nam a22002292 4500 | ||
|---|---|---|---|
| 001 | 14099 | ||
| 003 | BD-RjUL | ||
| 005 | 20211208235554.0 | ||
| 008 | 140205s1957 enka 000 0 eng d | ||
| 035 | _a(BD-RjUL)14151 | ||
| 040 |
_aHCJ _cHCJ _dUKM _dEQO _dBD-RjUL _beng |
||
| 041 | _aeng | ||
| 082 |
_a338.701 _bHEM 1957 |
||
| 100 | 1 |
_aHead, F. D. _q(Frederick Dewar) _944051 |
|
| 245 | 0 | 0 |
_aMeetings : _bthe regulation of and procedure at meetings of companies and public bodies, and at public meetings / _cF. D. Head |
| 250 | _a6th ed. | ||
| 260 |
_aLondon : _bPitman, _c1957. |
||
| 300 |
_axiii, 246 p. : _bill., tables. ; _c23 cm. |
||
| 500 | _aPrevious ed. 1950. | ||
| 650 |
_aCorporations. _944052 |
||
| 942 |
_2ddc _cBK |
||
| 999 |
_c14099 _d14099 |
||